000 00382nab a22001097u 4500
008 130520b2006 xxu||||| |||| 00| 0 spa d
041 _aspa
100 1 _aMohagheghi, Hamideh
_959156
245 0 0 _aAvances de las mujeres en comunidades musulmanas. Un estudio centrado en Alemania
_cHamideh Mohagheghi
773 0 _tConcilium
_gnº316,2006,págs. 79-90
_x0210-1041
_wRev134
942 _cAR
999 _c378211
_d378211